Top 10 Best Countries for a Child to Live in - Statistics

General Stats
  • This quiz has been taken 118 times
  • The average score is 8 of 10
Answer Stats
Rank Answer % Correct
#8 Norway
91%
#6 Canada
90%
#9 United Kingdom
87%
#1 Japan
82%
#5 France
81%
#4 Italy
81%
#3 Germany
80%
#2 Spain
80%
#7 Switzerland
80%
#10 Netherlands
73%
No matching quizzes found
Score Distribution
Percent of People with Each Score
Percentile by Number Answered
Your Score History
You have not taken this quiz